000 01447nam a22003377a 4500
003
005 20240221114822.0
008 210723b 2020 dr a 00| 0 spa d
020 _a 9789945613599 (v.1)
020 _a9789945613599 (v.2)
040 _aBPMSU
_bspa
_cBPMSU
082 _aRD868.08
_bI19r 2020
_222
245 1 0 _aIdeas radicales en la República Dominicana /
_ccuidado de edición y presentación : Andrés Blanco Díaz.
260 _aSanto Domingo :
_bArchivo General de la Nación,
_c2020.
300 _av. ;
_c23 cm.
490 0 _aArchivo General de la Nación ;
_v390/391
500 _aIncluye datos biográficos del editor en las solapas
500 _aIncluye referencias bibliográficas y notas al pie de las páginas
500 _aIncluye índice onomástico
505 0 _av.1 : Antología 1 -- v.2 : Antología 2
590 _aInventariado, 2021 /VM
650 4 _aCrónicas periodísticas
_zRepública dominicana
_vEnsayos, conferencias, etc
650 4 _aArtículos de prensa
_vColecciones .
650 4 _aLiteratura dominicana
_xhistoria y crítica
651 4 _aRepública Dominicana
_xHistoria
_xEnsayos, conferencias, etc.
_y1844-1924
_2
651 4 _aRepublica Dominicana
_xCodiciones sociales
_y1844-1924
700 1 _aBlanco Díaz, Andrés,
_d1954-
_eed.
710 2 _aArchivo General de la Nación (República Dominicana)
910 _aVMateo V. Control de calidad. BPMSU
942 _2ddc
_cBK
999 _c13621
_d13621